| 000 | 01495cam a2200421 a 4500 | ||
|---|---|---|---|
| 001 | 21234 | ||
| 003 | VRT | ||
| 005 | 20260224163608.0 | ||
| 008 | 200316s2017 xo e 000 f slo | ||
| 015 | _aSNBA/2018 | ||
| 020 |
_a9788056900741 _q(viaz.) |
||
| 035 | _aurn:nbn:sk:snk-am00dge7 | ||
| 035 | _aurn:nbn:sk:snk-am3i1e7 | ||
| 035 | _a21BCF318-543A-432A-A23D-2DE230D332F2 | ||
| 039 | 9 |
_a202108061949 _bcsnk01 _c202003161051 _dVLOAD _c201806191447 _dmvthk05 _c201804051020 _dcsnk01 |
|
| 040 |
_aMIZKGZ _bslo _cMIZKGZ _dSNK _eAACR2 |
||
| 041 | 0 | _aslo | |
| 044 |
_axo _cSK |
||
| 072 | 7 |
_a821.162.4-3 _xSlovenská próza _2konspekt |
|
| 080 |
_a821.162.4-31 _22011 |
||
| 100 | 1 |
_aBaláž, Anton, _d1943- _4aut |
|
| 245 | 1 | 0 |
_aTábor padlých žien _cAnton Baláž |
| 250 | _a[2. vyd.] | ||
| 260 |
_aBratislava _bMarenčin PT _c2017 |
||
| 300 |
_a293 s. _c21 cm |
||
| 500 | _aCelkovo 4. vydanie | ||
| 500 | _aÚdaje o poradí vydania podľa NA ISBN | ||
| 655 | 7 |
_aslovenské romány _2SNKPH |
|
| 655 | 7 |
_aSlovak fiction _2SNKPHeng |
|
| 910 | _avthk | ||
| 942 |
_2ddc _cKLDO _n0 |
||
| 949 |
_617A1322829 _asnkSC 178786 _bsnk2018/6884 _o795/18 _s6100:20180406 |
||
| 949 |
_617A1322830 _asnkSC 178786 D1 _bsnk2018/6885 _o795/18 |
||
| 949 |
_6270001000587344 _asvkbbA 153676 _bsvkbbm 775018 |
||
| 949 |
_62889336692 _asavukPV 25876 _bsavuk2018/1172 |
||
| 949 |
_63830001132694 _akurukT18/BALA1-6 _bkuruk2019/F2458 _oD2019/Baláž, Anton/16.4.2019 |
||
| 949 |
_6273K0634053 _asvkpoA 239626 _bsvkpo628891 |
||
| 999 |
_c21234 _d21234 |
||